000 00941nam a2200361Ia 4500
005 20260514124340.0
008 008 261405s9999 xx 000 0 eng d
037 _aThesis
040 _aCRL
040 _beng
040 _cCRL
041 _2eng
041 _aeng
084 _qCRL
100 _aSaxena Dr.Shikhar
_91239487
245 0 _aStudy of Clinical and Microbiological Response to Extended Spectrum Cephalosporins in Males with Gonococcal Urethritis
260 _aDelhi
260 _bUniversity of Delhi
260 _c2016
300 _a78p.
502 _bPh.D.
502 _cUniversity of Delhi
502 _d2016
541 _oThesis
650 _aMicrobiology
700 _aDr.A. Chakravarti
_91239488
700 _aDr.Kabir Sardana
_91239489
700 _aDr.P.Bhalla.
_91239490
700 _aDr.Vijay Kumar,
_91239491
710 _aMicrobiology
942 _cTH
999 _c1851708
_d1851708